PSYCHIATRIC NURSING CONTEMPORARY PRACTICE (Record no. 16564)

MARC details
000 -LEADER
fixed length control field 00340nam a22001457a 4500
003 - CONTROL NUMBER IDENTIFIER
control field SGT
020 ## - INTERNATIONAL STANDARD BOOK NUMBER
International Standard Book Number 978-1-4511-9243-8
082 ## - DEWEY DECIMAL CLASSIFICATION NUMBER
Classification number 610.73678
Item number P18B
100 ## - MAIN ENTRY--PERSONAL NAME
Personal name BOYD, MARY ANN
245 ## - TITLE STATEMENT
Title PSYCHIATRIC NURSING CONTEMPORARY PRACTICE
250 ## - EDITION STATEMENT
Edition statement 6TH
260 ## - PUBLICATION, DISTRIBUTION, ETC. (IMPRINT)
Place of publication, distribution, etc INDIA
Name of publisher, distributor, etc WOLTER KULWER PUB
Year of Publication 2018
300 ## - PAGE DESCRIPTION
No. of Pages 868
942 ## - ADDED ENTRY ELEMENTS (KOHA)
Source of classification or shelving scheme Dewey Decimal Classification
Koha item type Books
Holdings
Withdrawn status Lost status Source of classification or shelving scheme Damaged status Not for loan Collection code Home library Current library Shelving location Date acquired Vendor Name Cost, normal purchase price SGTU Bill Number Total Checkouts Full call number Accession No. (Barcode) Date last seen Bill Date Koha item type
    Dewey Decimal Classification     NURSING SGT Medical Library SGT Medical Library Reference Book 21/01/2019 ABC 7420.00 SGTU 10396   610.73678 P18B FN3956 21/01/2019 08/12/2018 Books
    Dewey Decimal Classification     NURSING SGT Medical Library SGT Medical Library Reference Book 21/01/2019 ABC 7420.00 SGTU 10396   610.73678 P18B FN3957 21/01/2019 08/12/2018 Books